000 00619nam a2200205Ia 4500
005 20241216010735.0
008 181213s9999||||xx |||||||||||||| ||und||
082 _a515
_bE88
100 _aESPINOZA RAMOS, EDUARDO
245 0 _aANALISIS MATEMATICO I
_bPARA ESTUDIANTES DE CIENCIA E INGENIERIA
250 _a0
260 _aLIMA-PERU
_bSERVICIOS GRAFICOS JJ.
_c1998
300 _a724 pag
_c21 cm
341 _h79.2
490 _v0
_a1
505 _aNUMEROS REALES-RELACIONES FUNCIONES-LIMITES-CONTINUIDAD-DERI
541 _aC
_bLIBRERIA SAN CRISTOBAL
_d19-Sep-00
_oSoles
650 _aCIENCIAS PURAS
942 _cLIBRO
999 _c22749
_d22749